Review of Army investigation of Arlington National Cemetery : Committee on Armed Services, House of Representatives, One Hundred Eleventh Congress, second session, hearing held June 30, 2010.

Bibliographic Details
Corporate Author: United States. Congress. House. Committee on Armed Services
Format: Government Document eBook
Language:English
Published: Washington : U.S. G.P.O., 2010.
Subjects:
Online Access:https://purl.fdlp.gov/GPO/gpo2719

MARC

Tag First Indicator Second Indicator Subfields
LEADER 00000cam a2200000 a 4500
001 in00002652257
005 20211120161057.0
006 m d f
007 cr bn|||||||||
008 110301s2010 dcu o f000 0 eng c
035 |a (OCoLC)ocn704413708 
037 |a 552-070-42087-8  |b GPO  |f paper 
040 |a GPO  |c GPO  |d GPO  |d MvI  |d UtOrBLW 
042 |a pcc 
043 |a n-us-va  |a n-us--- 
049 |a WWW 
050 1 4 |a KF27  |b .A7 2010h 
074 |a 1012-F (online) 
086 0 |a Y 4.AR 5/2 A:2009-2010/169 
088 |a H.A.S.C. no. 111-169 
110 1 |a United States.  |b Congress.  |b House.  |b Committee on Armed Services. 
245 1 0 |a Review of Army investigation of Arlington National Cemetery :  |b Committee on Armed Services, House of Representatives, One Hundred Eleventh Congress, second session, hearing held June 30, 2010. 
264 1 |a Washington :  |b U.S. G.P.O.,  |c 2010. 
300 |a 1 online resource (iii, 74 pages) 
336 |a text  |b txt  |2 rdacontent 
337 |a computer  |b c  |2 rdamedia 
338 |a online resource  |b cr  |2 rdacarrier 
500 |a Title from title screen (viewed on Mar. 1, 2011). 
500 |a Paper version available for sale by the Supt. of Docs., U.S. G.P.O. 
500 |a "H.A.S.C. number 111-169." 
500 |a Electronic resource. 
610 2 0 |a Arlington National Cemetery (Arlington, Va.)  |x Management  |x Evaluation. 
650 0 |a National cemeteries  |z Virginia  |x Management  |x Evaluation. 
610 1 0 |a United States.  |b Department of the Army  |x Management  |x Evaluation. 
610 1 0 |a United States.  |b Department of the Army  |x Procurement  |x Evaluation. 
650 0 |a Defense contracts  |z United States  |x Evaluation. 
650 0 |a National cemeteries  |z Virginia  |z Arlington  |x Management  |x Evaluation. 
650 0 |a National cemeteries  |z United States  |x Management  |x Evaluation. 
776 0 8 |i Print version:  |a United States. Congress. House. Committee on Armed Services.  |t Review of Army investigation of Arlington National Cemetery  |w (OCoLC)702366745 
776 0 8 |i Microfiche:  |a United States. Congress. House. Committee on Armed Services.  |t Review of Army investigation of Arlington National Cemetery  |w (OCoLC)727144779 
856 4 0 |u https://purl.fdlp.gov/GPO/gpo2719  |t 0 
999 |a MARS 
999 f f |s b6bdb189-5f87-31c1-8adf-6c0b9e98c557  |i 2bd0ee07-3cea-3df2-ac8c-fd863f2b2bac  |t 0 
952 f f |a Texas A&M University  |b College Station  |c Electronic Resources  |d Available Online  |t 0  |e Y 4.AR 5/2 A:2009-2010/169  |h Superintendent of Documents classification 
998 f f |a Y 4.AR 5/2 A:2009-2010/169  |t 0  |l Available Online